[Event "La Paz Casa Argentina op"]
[Site "La Paz"]
[Date "2023.07.09"]
[Round "7"]
[White "Tapia Espada, Antonio Enrique"]
[Black "Lilienfeld Quevedo, Daniel"]
[Result "0-1"]
[WhiteElo "1691"]
[BlackElo "1573"]
[PlyCount "76"]
[EventDate "2023.07.06"]
[EventType "swiss"]
[EventRounds "7"]
[EventCountry "BOL"]
[SourceTitle "CBM 215 Extra"]
[Source "ChessBase"]
[SourceDate "2023.09.30"]
[SourceVersion "1"]
[SourceVersionDate "2023.09.30"]
[SourceQuality "1"]

1. d4 d6 2. c4 g6 3. Nc3 Bg7 4. e4 e5 5. d5 Na6 6. Bd3 Nf6 7. h3 Nc5 8. Bc2 a5 9. Nge2 0-0 10. Bg5 h6 11. Be3 Nh5 12. Qd2 g5 13. h4 Nf4 14. 0-0-0 Bd7 15. hxg5 hxg5 16. g3 Nxe2+ 17. Nxe2 f6 18. f4 Bg4 19. fxe5 fxe5 20. Bxg5 Qe8 21. Rh4 Bf3 22. Re1 Qg6 23. Ng1 Rf7 24. Nxf3 Rxf3 25. Bh6 Raf8 26. Bxg7 Kxg7 27. Bd1 Nd3+ 28. Kb1 Nxe1 29. Qxe1 Rxg3 30. Qxa5 Rg1 31. Qa4 b5 32. cxb5 Rff1 33. b3 Qg2 34. Rg4+ Qxg4 35. Kb2 Qxd1 36. Ka3 Qc1+ 37. Kb4 Qc5+ 38. Ka5 Rf8 0-1

[Event "Cochabamba op 6th"]
[Site "Cochabamba"]
[Date "2023.03.02"]
[Round "2"]
[White "Almendras, Elias"]
[Black "Lilienfeld Quevedo, Daniel"]
[Result "1/2-1/2"]
[WhiteElo "1964"]
[BlackElo "1498"]
[PlyCount "42"]
[EventDate "2023.03.02"]
[EventType "swiss"]
[EventRounds "7"]
[EventCountry "BOL"]
[SourceTitle "CBM 213 Extra"]
[Source "ChessBase"]
[SourceDate "2023.05.31"]
[SourceVersion "1"]
[SourceVersionDate "2023.05.31"]
[SourceQuality "1"]

1. e4 c5 2. Nf3 d6 3. d4 cxd4 4. Nxd4 Nf6 5. Nc3 Nc6 6. Be2 e6 7. Be3 Be7 8. 0-0 0-0 9. f4 a6 10. a4 Qc7 11. Nb3 b6 12. Bf3 Bb7 13. Rf2 Rfd8 14. Rd2 Nd7 15. Qe2 Nc5 16. Nd4 Bf6 17. Rad1 Nxd4 18. Bxd4 Bxd4+ 19. Rxd4 e5 20. fxe5 dxe5 21. Rxd8+ Rxd8 1/2-1/2

[Event "World Cup U18 Prel"]
[Site "Tornelo INT"]
[Date "2021.08.16"]
[Round "2"]
[White "Lilienfeld Quevedo, Daniel"]
[Black "Gupta, Utkarsh1111"]
[Result "0-1"]
[WhiteElo "1436"]
[BlackElo "1868"]
[PlyCount "152"]
[EventDate "2021.08.16"]
[EventType "swiss (rapid)"]
[EventRounds "10"]
[EventCountry "NET"]
[SourceTitle "CBM 203 Extra"]
[Source "ChessBase"]
[SourceDate "2021.09.30"]
[SourceVersion "1"]
[SourceVersionDate "2021.09.30"]
[SourceQuality "1"]

1. e4 e6 2. d4 d5 3. exd5 exd5 4. Bd3 Nf6 5. Nf3 c5 6. c3 Be7 7. 0-0 0-0 8. dxc5 Bxc5 9. Bg5 Bg4 10. h3 Bh5 11. Nbd2 Nc6 12. Re1 Qb6 13. Rf1 Ne5 14. Be2 Nxf3+ 15. Bxf3 Bxf3 16. Qxf3 Rad8 17. Bxf6 gxf6 18. b4 Bd6 19. Nb3 Be5 20. Rac1 Kh8 21. Rfd1 Qc6 22. Na5 Qb5 23. a4 Qd7 24. Nb3 Qxa4 25. Nc5 Qc6 26. Rd3 b6 27. Nb3 Qc4 28. Nd4 Rfe8 29. Ra1 Rd7 30. Qf5 Rc7 31. Rc1 Rg8 32. Nf3 Qe4 33. Nd4 Bxd4 34. Qxe4 Bxf2+ 35. Kxf2 dxe4 36. Rd4 f5 37. Rd5 f4 38. Rf5 e3+ 39. Kf1 Rc4 40. Rc2 Kg7 41. Rg5+ Kf8 42. Rd5 Ke7 43. Rh5 Rgc8 44. Rxh7 Rxc3 45. Ra2 R8c7 46. Rh4 R3c4 47. Rb2 Rd7 48. Ke2 Rdd4 49. Ra2 Rc7 50. g3 Rd2+ 51. Rxd2 exd2 52. Kxd2 fxg3 53. Rg4 Rd7+ 54. Kc3 Rd1 55. Rxg3 Rc1+ 56. Kb2 Rh1 57. Ra3 a5 58. bxa5 Rh2+ 59. Kc1 bxa5 60. Rxa5 Rxh3 61. Kd2 Ke6 62. Ke2 f5 63. Kf2 Kf6 64. Kg2 Rb3 65. Ra8 Kg5 66. Ra5 Kg4 67. Ra8 Rb2+ 68. Kg1 f4 69. Rg8+ Kf3 70. Rc8 Rb1+ 71. Kh2 Re1 72. Rh8 Kf2 73. Rf8 f3 74. Kh3 Rg1 75. Kh2 Rg7 76. Rf4 Rh7+ 0-1